| 000 | 00856cam a22001814a 4500 | ||
|---|---|---|---|
| 005 | 20250605164227.0 | ||
| 008 | 250528s ||||||||||||||||||||||||d | ||
| 035 | _a20915 | ||
| 020 | _a9786180302431 | ||
| 040 |
_aGR-AtMCL _bgre _dGR-AtMCL _eAACR2 |
||
| 245 | 1 | _aΗ Ξύπνια Βασιλοπούλα / Μικρές Καληνύχτες | |
| 260 |
_bΜεταίχμιο, _c2016 |
||
| 520 | _aΗ Βασιλοπούλα Ωραία βαριέται τόσο πολύ, που όλο κοιμάται! Αλλά δεν είναι μόνη. Στα μέρη τους έχουν συνήθεια να κοιμούνται ακόμα κι όρθιοι. Βλέπετε, το βασιλικό της σόι κατάγεται από την Κοιμωμένη. | ||
| 700 | 1 |
_aΔαρλάση Αγγελική _96900 |
|
| 942 | _cBK | ||
| 999 |
_c5992 _d5992 |
||